KOHA-Header-6

تاریخ ارض القرآن (Record no. 13546)

000 -LEADER
fixed length control field 00363nam a22001217a 4500
082 ## - DEWEY DECIMAL CLASSIFICATION NUMBER
Classification number 297.09
Item number ن د و
100 ## - MAIN ENTRY--AUTHOR NAME
Personal name سید سلیمان ندوی
245 ## - TITLE STATEMENT
Title تاریخ ارض القرآن
260 ## - PUBLICATION, DISTRIBUTION, ETC. (IMPRINT)
Place of publication اسلام آباد
Name of publisher نیشنل بک فاؤنڈیشن
Year of publication ١٩٩٢
300 ## - PHYSICAL DESCRIPTION
Number of Pages ٥٢٩ صفحات
650 ## - SUBJECT ADDED ENTRY--TOPICAL TERM
Topical Term Islam, Quran, Ard ul Quran
942 ## - ADDED ENTRY ELEMENTS (KOHA)
Koha item type Books
Holdings
Withdrawn status Lost status Collection code Permanent Location Current Location Shelving location Date acquired Full call number Accession Number Koha item type
    Islamic Studies MAJU MAJU Shelf No.A-9 2022-12-13 297.09 ن د و 10643 Books

Powered by Koha